000 00312nam a22001337a 4500
008 170303b xxu||||| |||| 00| 0 eng d
020 _a061421758
041 _aeng
080 _a616.073
100 _a6
101 _aSHM
245 _aRADIOLOGIC EXAMINATION OF THE URINARY TRACT
_cPOLLACK, H.M
942 _2udc
_cBK
999 _c6708
_d6708